000
00315nam a22001337a 4500
008
170204b xxu||||| |||| 00| 0 eng d
020
_a
9780812114409
041
_a
eng
080
_2
2ND
_a
61
100
_a
3
101
_a
SHM
245
_a
EXERCISE TESTING AND EXERCISE PRESCRIPTION
_c
SKINNER, J.S
942
_2
udc
_c
BK
999
_c
4592
_d
4592